1431 1371 1602 2000 1777 1661 1606 1240 1147 1098 1826 1472 1364 1656 1284 1169 1867 1999 1553 1797 1253 1541 1103 1590 1047 1540 1278 1322 1286 1055 1832 1285 1765 1165 1281 1648 1419 1394 1970 1773 1673 1891 1324 1594 1191 1180 1875 1722 1749 1958 1849 1566 1795 1790 1945 1781 1875 1568 1884 1809 1812 1099 1454 1326 1707 1233 1890 1824 1759 1447 1175 1320 1898 1249 1050 1858 1046 1548 1777 1703 1157 1040 1736 1731 1477 1198 1404 1702 1407 1084 1008 1318 1898 1555 1741 1158 1195 1945 1062 BCNSPRNW ULIB Ver.6.0+V

เปลี่ยนเป็นภาษาไทย

Change to English
 แสดงรายละเอียดบรรณานุกรม
  กลับหน้าหลัก

Brief Record : Get Marc (ISO 2709) : E-mail record : QR code < ปิดหน้าต่าง
LEADER : 00000nam 2200000uu 4500
001    13399127011
003     ULIB
008    190929s2561||||th 000 0 tha d
020    ^a9786163356895
060    ^aWM420^bอ846ส
100    ^aอุมาพร ตรังคสมบัติ
245    ^aสร้างชีวิตใหม่ คู่มือจิตบำบัดและการให้คำปรึกษา/^cอุมาพร ตรังคสมบัติ
250    ^aพิมพ์ครั้งที่ 4
260    ^aกรุงเทพฯ :^bซันต้าการพิมพ์,^c2561
300    ^a358 หน้า;^b23 ซม.
650    ^aจิตบำบัด
945    ^p325^l0^i27850
945    ^p325^l0^i27847
945    ^p325^l0^i27846
945    ^p325^l0^i27849
945    ^p325^l0^i27848
999    ^aกัณชพร จุลอักษร
รายการนี้ยังไม่มีแท็ก
คุณยังไม่ได้ล็อกอิน คุณสามารถมีกิจกรรมร่วมกับเว็บไซต์ได้ แต่ต้องล็อกอินก่อน ::
  ล็อกอิน

รายการสื่อสารสนเทศ

ลำดับที่ ประเภท เลขเรียก/บาร์โค้ด สถานที่ สถานะ
1. หนังสือสำรอง
หนังสือสำรอง
WM420 อ846ส ฉ.1 
  Barcode: 27846
ห้องสมุดวิทยาเขตนครสวรรค์
►หนังสือทั่วไป:l:General Books
บนชั้น
2. วิทยาศาสตร์การแพทย์ และสุขภาพ
วิทยาศาสตร์การแพทย์ และสุขภาพ
WM420 อ846ส ฉ.2 
  Barcode: 27847
ห้องสมุดวิทยาเขตนครสวรรค์
►หนังสือทั่วไป:l:General Books
บนชั้น
3. วิทยาศาสตร์การแพทย์ และสุขภาพ
วิทยาศาสตร์การแพทย์ และสุขภาพ
WM420 อ846ส ฉ.3 
  Barcode: 27848
ห้องสมุดวิทยาเขตนครสวรรค์
►หนังสือทั่วไป:l:General Books
บนชั้น
4. วิทยาศาสตร์การแพทย์ และสุขภาพ
วิทยาศาสตร์การแพทย์ และสุขภาพ
WM420 อ846ส ฉ.4 
  Barcode: 27849
ห้องสมุดวิทยาเขตนครสวรรค์
►หนังสือทั่วไป:l:General Books
บนชั้น
5. วิทยาศาสตร์การแพทย์ และสุขภาพ
วิทยาศาสตร์การแพทย์ และสุขภาพ
WM420 อ846ส ฉ.5 
  Barcode: 27850
ห้องสมุดวิทยาเขตนครสวรรค์
►หนังสือทั่วไป:l:General Books
บนชั้น

รายการใกล้เคียง
    ผู้แต่ง [อุมาพร ตรังคสมบัติ]

    หัวเรื่อง [จิตบำบัด]

BibComment


ยังไม่เคยถูกคอมเมนท์

คอมเมนท์ทรัพยากรรายการนี้
  คอมเมนท์: สร้างชีวิตใหม่ ค..


 Copyright 2026. Bcnsprnw @Library